MARC

Tag First Indicator Second Indicator Subfields
LEADER 00000cam a22000008a 4500
001 in00000733721
005 20151016081118.0
008 870820s19879999mdua b 00000 eng
010 |a  87022733  
020 |a 0801835917 (v. 1) 
020 |a 0801835925 (v. 2) 
035 |a (OCoLC)16647734 
035 |9 ADG4183AM 
040 |a DLC  |c DLC  |d TXA  |d UtOrBLW 
049 |a TXAM  |v 1 [A11584632]  |v 2 [A11709583] 
050 0 0 |a TE175  |b .H54 1988 
050 4 |a TE175  |b .H54 1987 
082 0 |a 625.7  |2 19 
245 0 4 |a The Highway design and maintenance standards model /  |c Thawat Watanatada [and others] ; in collaboration with Wee-Beng Aw [and others]. 
264 1 |a Baltimore :  |b Published for the World Bank [by] Johns Hopkins University Press,  |c 1987- 
300 |a volumes :  |b illustrations 
336 |a text  |b txt  |2 rdacontent 
337 |a unmediated  |b n  |2 rdamedia 
338 |a volume  |b nc  |2 rdacarrier 
490 1 |a The Highway design and maintenance standards series 
500 |a "A World Bank publication." 
504 |a Bibliography: pages 275-280. 
505 0 |a v. 1. Description of the HDM-III model -- v. 2. User's manual for the HDM-III model. 
650 0 |a Roads  |x Design and construction  |x Mathematical models. 
650 0 |a Roads  |x Maintenance and repair  |x Mathematical models. 
650 0 |a Roads  |x Deterioration  |x Mathematical models. 
650 0 |a Motor vehicles  |x Cost of operation  |x Mathematical models. 
700 0 |a Thawat Watanatada. 
710 2 |a World Bank. 
830 0 |a Highway design and maintenance standards series. 
999 |a MARS 
999 f f |s 9ef3e3b7-5a71-3e0a-86a4-a780d6e50c7d  |i 78d7be0e-dd78-3c6b-ac12-4e23c5cb25b7  |t 0 
952 f f |p ric  |a Texas A&M University  |b Rellis Campus  |c Joint Library Facility  |d Remote Storage  |t 0  |e TE175 .H54 1987  |h Library of Congress classification  |i unmediated -- volume  |k v.2  |m A14811709583 
952 f f |p ric  |a Texas A&M University  |b Rellis Campus  |c Joint Library Facility  |d Remote Storage  |t 0  |e TE175 .H54 1987  |h Library of Congress classification  |i unmediated -- volume  |k v.1  |m A14811584632 
998 f f |a TE175 .H54 1987  |s v.1-v.2  |t 0  |l Remote Storage